000 00348nam a2200157Ia 4500
008 230605s2007 xx 000 0 und d
041 _aeng
100 _aDomine
245 _aCulinaria France
260 _bKonemann Pub Bonner
_c2007
300 _a468
365 _b1107
_h18
500 _a1855
520 _aReference Copy
650 _aF. P.
999 _c418845
_d418845